| 000 | 00413nam a22001457a 4500 | ||
|---|---|---|---|
| 003 | OSt | ||
| 082 |
_a631.45 _bDEE/AS |
||
| 088 | _aT 531 | ||
| 100 |
_aDeepthi S Nair _94207 |
||
| 245 | _aAssessment of Greenhouse Cultivation problems in Kerala | ||
| 260 |
_aKCAET , TAVANUR _bDepartment of soil & Water conservation Engineering _c2021 |
||
| 300 | _a100 pages | ||
| 700 |
_aJinu ,A, (guide) _95142 |
||
| 942 | _cTH | ||
| 999 |
_c17490 _d17490 |
||